O poder legislativo municipal / (Record no. 357)

MARC details
000 -LÍDER
Campo Fixo de Controle 00814nam a2200265 a 4500
001 - NÚMERO DE CONTROLE
Campo de Controle 357
003 - IDENTIFICAÇÃO DO NÚMERO DE CONTROLE
Campo de Controle BR-CuiBMT
005 - DATA E HORA DA ÚLTIMA ATUALIZAÇÃO
Campo de Controle 20231101214729.0
008 - DADOS FIXOS
Dados Fixos 231101s2010 mgba 001 0 por d
020 ## - INTERNATIONAL STANDARD BOOK NUMBER
Nº do ISBN 9788577003341
040 ## - AGÊNCIA CATALOGADORA
Código da Agência Catalogadora BR-CuiBMT
Agência que transcreveu o registro BR-CuiBMT
080 ## - Nº DA CLASSIFICAÇÃO DECIMAL UNIVERSAL
Nº Class. CDU 352.075.1
Nº edição CDU 2007
090 ## - NÚMERO DE CHAMADA
Nº classificação 352.075.1
Cutter M453p
Ano/Edição 2. ed.
100 1# - ENTRADA PRINCIPAL -- AUTOR PESSOAL
Nome pessoal Maurano, Adriana,
Datas associadas ao nome 1968-
245 12 - TÍTULO PRINCIPAL
Título principal O poder legislativo municipal /
Indicação de responsabilidade Adriana Maurano ; prefácio Mônica Herman Caggiano.
250 ## - EDIÇÃO
Edição 2. ed.
260 ## - PUBLICAÇÃO, DISTRIBUIÇÃO, ETC.
Local de publicação Belo Horizonte :
Editora Fórum,
Data c2010.
300 ## - DESCRIÇÃO FÍSICA
N. páginas ou volumes 176 p. :
Ilustrações il. ;
Dimensões 22 cm
504 ## - NOTA DE BIBLIOGRAFIA, ETC.
Nota de bibliografia Inclui bibliografia e índice.
590 ## - NOTA LOCAL
Nota local A biblioteca possui 1. reimpr. 2019.
650 ## - ASSUNTO TÓPICO
Cabeçalho tópico ou nome geográfico Direito municipal
650 ## - ASSUNTO TÓPICO
Cabeçalho tópico ou nome geográfico Câmaras legislativas municipais
650 ## - ASSUNTO TÓPICO
Cabeçalho tópico ou nome geográfico Direito constitucional
942 ## - ELEMENTOS DE ENTRADA ADICIONAIS (KOHA)
Fonte de classificação ou esquema de arquivamento Classificação Decimal Universal
Tipo de item do Koha Livros
Holdings
Estado: removido Estado: perdido Fonte de classificação ou esquema de arquivamento Estado: danificado Indisponível para empréstimo Localização permanente Localização atual Data de aquisição Total Checkouts Número de Chamada completo Código de barras Date last seen Número do exemplar Preço efetivo a partir de Tipo de item (Koha) Nota pública
    Classificação Decimal Universal     Biblioteca da Escola Superior de Contas do TCE/MT Biblioteca da Escola Superior de Contas do TCE/MT 15/08/2019   352.075.1 M453p 2. ed. BIBTCEMT23110039 01/11/2023 Ex. 1 01/11/2023 Livros 1. reimpr. 2019
    Classificação Decimal Universal     Biblioteca da Escola Superior de Contas do TCE/MT Biblioteca da Escola Superior de Contas do TCE/MT 15/08/2019   352.075.1 M453p 2. ed. BIBTCEMT23110040 01/11/2023 Ex. 2 01/11/2023 Livros 1. reimpr. 2019

Powered by Koha